Arsenal Invincibles - Statistics

General Stats
  • This quiz has been taken 402 times
  • The average score is 13 of 28
Answer Stats
Position Country Answer % Correct
Striker France Thierry Henry
95%
Goalkeeper Germany Jens Lehmann
86%
Striker Netherlands Dennis Bergkamp
84%
Winger France Robert Pires
84%
Defender Ivory Coast Kolo Toure
79%
Defender England Sol Campbell
79%
Defender England Ashley Cole
73%
Midfielder France Patrick Vieira
72%
Winger Sweden Freddie Ljungberg
71%
Striker Nigeria Kanu
68%
Midfielder Brazil Gilberto
65%
Defender Cameroon Lauren
65%
Striker France Sylvain Wiltord
51%
Midfielder England Ray Parlour
49%
Midfielder Brazil Edu
47%
Defender England Martin Keown
45%
Defender Switzerland Phillipe Senderos
45%
Defender France Gael Clichy
35%
Defender France Pascal Cygan
29%
Striker France Jeremie Aliadiere
18%
Goalkeeper England Stuart Taylor
15%
Winger English David Bentley
12%
Winger English Jermaine Pennant
12%
Defender England Justin Hoyte
9%
Goalkeeper Sweden Rami Shaaban
8%
Defender Greece Efstathios Tavlaridis
5%
Goalkeeper England Graham Stack
5%
Goalkeeper France Guillaume Warmuz
1%
No matching quizzes found
Score Distribution
Percent of People with Each Score
Percentile by Number Answered
Your Score History
You have not taken this quiz